000 00706cam a2200229u 4500
001 20732
003 BD-RjUL
005 20211209000613.0
008 140302s1954 enka 000 0 eng d
035 _a(BD-RjUL)20794
040 _aDLC
_cCarP
_dDLC
_dBD-RjUL
_beng
041 _aeng
082 0 4 _a517
_bEDE 1954
100 1 _aEdwards, Joseph,
_d1854-1931. [from old catalog]
_964021
245 0 3 _aAn elementary treatise on the differential calculus /
_c Joseph, Edwards
260 _aLondon :
_bMacmillan and co., limited,
_c1954.
300 _axiii 529 p. :
_b diagrs. ;
_c23 cm.
650 0 _aDifferential calculus.
_964022
942 _2ddc
_cBK
_01
999 _c20732
_d20732